| 000 | 00954nam a2200121Ia 4500 | ||
|---|---|---|---|
| 008 | 220615s9999||||xx |||||||||||||| ||und|| | ||
| 100 | _aRingmar, Erik | ||
| 245 | 0 |
_aHistory of International Relations _bA Non-European Perspective |
|
| 546 | _aEnglish[eng] | ||
| 650 | _ainternational relations||non-European perspective||International Relations courses||East Asia||pre-Columbian Central and South America||Africa||Polynesia||Mongols in Central Asia||Arabs in the Mediterranean||the Indian Ocean||Indic and Sinic societies in South East Asia||the Europeans||colonial expansion||decolonization||neo-colonialism||globalization | ||
| 856 | _uhttps://library.oapen.org/bitstream/20.500.12657/24805/1/9781783740246.pdf||https://library.oapen.org/bitstream/20.500.12657/24805/1/9781783740246.pdf||https://library.oapen.org/bitstream/20.500.12657/24805/1/9781783740246.pdf||https://library.oapen.org/bitstream/20.500.12657/24805/1/9781783740246.pdf | ||
| 942 | _cEB | ||
| 999 |
_c13091 _d13091 |
||